| 000 | 00372nam a22001457a 4500 | ||
|---|---|---|---|
| 005 | 20240502121510.0 | ||
| 008 | 230922b |||||||| |||| 00| 0 eng d | ||
| 082 |
_a615.1 _bKAT-B |
||
| 100 | _aKatzung,Bertram G. | ||
| 245 | _aBasic&Clinical Pharmacology / | ||
| 300 |
_a563p. _bill; _c24cm. |
||
| 500 | _ainclude index . | ||
| 650 | _aMedical / Pharmacology | ||
| 999 |
_c33683 _d33683 |
||